000
00301nam a22001337a 4500
008
170801b xxu||||| |||| 00| 0 eng d
020
_a
0619021012
041
_a
eng
080
_a
004
100
_a
32
101
_a
SHK
245
_a
CARE AND FEEDING OF THE CYBERSTUDENT 2000
_c
COU
942
_2
udc
_c
BK
999
_c
22379
_d
22379